The Great White North Encounters September 11: Race, Gender, and Nation in Canada's National Daily, “The Globe and Mail”
Terror is a feature of the symbolic order, the vast mesh of representations and narratives both official and unofficial, public and private, in which a culture works out its sense of itself. It affects that dynamic but relatively stable set of implicit parameters that establish a group's sense...
| Main Author: | |
|---|---|
| Format: | Electronic Article |
| Language: | English |
| Published: |
2005
|
| In: |
Social justice
Year: 2005, Volume: 32, Issue: 4, Pages: 50-68 |
| Online Access: |
Volltext (Publisher) |
| Check availability: | HBZ Gateway |
| Keywords: |
MARC
| LEADER | 00000naa a22000002c 4500 | ||
|---|---|---|---|
| 001 | 1747157694 | ||
| 003 | DE-627 | ||
| 005 | 20210203061548.0 | ||
| 007 | cr uuu---uuuuu | ||
| 008 | 210203s2005 xx |||||o 00| ||eng c | ||
| 035 | |a (DE-627)1747157694 | ||
| 035 | |a (DE-599)KXP1747157694 | ||
| 040 | |a DE-627 |b ger |c DE-627 |e rda | ||
| 041 | |a eng | ||
| 084 | |a 2,1 |2 ssgn | ||
| 100 | 1 | |a Jiwani, Yasmin |e VerfasserIn |4 aut | |
| 245 | 1 | 4 | |a The Great White North Encounters September 11: Race, Gender, and Nation in Canada's National Daily, “The Globe and Mail” |
| 264 | 1 | |c 2005 | |
| 336 | |a Text |b txt |2 rdacontent | ||
| 337 | |a Computermedien |b c |2 rdamedia | ||
| 338 | |a Online-Ressource |b cr |2 rdacarrier | ||
| 520 | |a Terror is a feature of the symbolic order, the vast mesh of representations and narratives both official and unofficial, public and private, in which a culture works out its sense of itself. It affects that dynamic but relatively stable set of implicit parameters that establish a group's sense of the actual and the possible and create a loose but definite sense of collective identity.—Geoffrey Gait Harpham (2002:573) Reprinted by permission of the publisher. | ||
| 650 | 4 | |a Globe, The (Newspaper) | |
| 650 | 4 | |a Mail (Newspaper) | |
| 650 | 4 | |a Globe & Mail, The (Newspaper) | |
| 650 | 4 | |a Torstar Corp | |
| 650 | 4 | |a Social Cohesion | |
| 650 | 4 | |a Political Participation | |
| 650 | 4 | |a Mass Media | |
| 650 | 4 | |a Nationalism | |
| 650 | 4 | |a Racism | |
| 650 | 4 | |a September 11 Terrorist Attacks, 2001 -- Press coverage | |
| 650 | 4 | |a Content Analysis | |
| 773 | 0 | 8 | |i Enthalten in |t Social justice |d San Francisco, Calif. : Social Justice, 1988 |g 32(2005), 4, Seite 50-68 |h Online-Ressource |w (DE-627)548638446 |w (DE-600)2394654-4 |w (DE-576)309208025 |x 2327-641X |7 nnas |
| 773 | 1 | 8 | |g volume:32 |g year:2005 |g number:4 |g pages:50-68 |
| 856 | 4 | 0 | |u http://www.redi-bw.de/db/ebsco.php/search.ebscohost.com/login.aspx%3fdirect%3dtrue%26db%3deue%26AN%3d507964580%26site%3dehost-live |x Verlag |3 Volltext |7 1 |
| 935 | |a mkri | ||
| 951 | |a AR | ||
| ELC | |a 1 | ||
| LOK | |0 000 xxxxxcx a22 zn 4500 | ||
| LOK | |0 001 3848215497 | ||
| LOK | |0 003 DE-627 | ||
| LOK | |0 004 1747157694 | ||
| LOK | |0 005 20210203061548 | ||
| LOK | |0 008 210203||||||||||||||||ger||||||| | ||
| LOK | |0 035 |a (DE-2619)KrimDok#2021-02-02#B35A5FEF1F05DCE0206FDC171F59FEF88F8CAF4A | ||
| LOK | |0 040 |a DE-2619 |c DE-627 |d DE-2619 | ||
| LOK | |0 092 |o n | ||
| LOK | |0 852 |a DE-2619 | ||
| LOK | |0 852 1 |9 00 | ||
| LOK | |0 935 |a zota | ||
| LOK | |0 939 |a 03-02-21 |b l01 | ||
| ORI | |a SA-MARC-krimdoka001.raw | ||
